000
00316nam a2200121Ia 4500
008
250327s9999 xx 000 0 und d
020
_a
9780691242248
082
_b
COC
_a
CQR
100
_a
JHON H. COCHRANE
_9
34082
245
0
_a
THE FISCAL THEORY OF THE PRICE LEVEL
260
_b
PRINCETON UNIVERSITY PRESS
942
_c
BK
999
_c
6764
_d
6764